Mystery of Judas Iscariot. (Record no. 5145)

000 -LEADER
fixed length control field 00728nam a2200217 a 4500
001 - CONTROL NUMBER
control field :::00002886$&:&@@
003 - CONTROL NUMBER IDENTIFIER
control field OkBaRHE
005 - DATE AND TIME OF LATEST TRANSACTION
control field 20000607103258.0
008 - FIXED-LENGTH DATA ELEMENTS--GENERAL INFORMATION
fixed length control field s1974 j 000 0 eng u
040 ## - CATALOGING SOURCE
Transcribing agency
100 1# - MAIN ENTRY--PERSONAL NAME
Personal name Lindsay, Gordon.
245 10 - TITLE STATEMENT
Title Mystery of Judas Iscariot.
260 ## - PUBLICATION, DISTRIBUTION, ETC. (IMPRINT)
Place of publication, distribution, etc Dallas, TX., :
Name of publisher, distributor, etc Christ for the Nations Publishing Co
Date of publication, distribution, etc 1974
300 ## - PHYSICAL DESCRIPTION
Extent 27 p. ;
Dimensions 21 cm.
490 0# - SERIES STATEMENT
Series statement Life of Christ series.
650 ## - SUBJECT ADDED ENTRY--TOPICAL TERM
Topical term or geographic name as entry element Jesus Christ
General subdivision Betrayal
650 ## - SUBJECT ADDED ENTRY--TOPICAL TERM
Topical term or geographic name as entry element Judas Iscariot
942 ## - ADDED ENTRY ELEMENTS (KOHA)
Source of classification or shelving scheme
Koha item type Books
Copies
Full call number Barcode Not for loan Damaged status Withdrawn status Price effective from Source of classification or shelving scheme Lost status Permanent Location Koha item type Date acquired Copy number Shelving location Date last seen
BS 2460 .J8L52886   2010-04-14  RHEMA Bible Training CollegeBooks2010-04-141General Stacks2018-03-16
BS 2460 .J8L516834   2010-04-14  RHEMA Bible Training CollegeBooks2010-04-142General Stacks2018-03-16